Vista normal
Vista MARC
Entrada Materia (corporativa)
Número de registros utilizados en: 2
001 - CONTROL NUMBER
- control field: 65803
003 - CONTROL NUMBER IDENTIFIER
- control field: Co-BoUCM
005 - DATE AND TIME OF LATEST TRANSACTION
- control field: 20141112071656.0
008 - FIXED-LENGTH DATA ELEMENTS
- fixed length control field: 141112|| aca||aabn | a|a d
040 ## - CATALOGING SOURCE
- Original cataloging agency: Co-BoUCM
- Transcribing agency: Co-BoUCM
110 ## - HEADING--CORPORATE NAME
- Corporate name or jurisdiction name as entry element: Hertie School of Governance
670 ## - SOURCE DATA FOUND
- Source citation: Work cat.: (Co-BoUCM)297210: The governance report 2014 , 2014